• 首页
  • 本馆介绍
  • 公告通知
  • 最新文献
  • 馆藏检索
  • 电子资源
  • 读者荐购
  • 参考咨询
  • CALIS
  • 我的图书馆
  • 登录
  • 详细信息显示
  • 放入我的书架
  • 预约/预借图书
  • 作者相关作品
  • 分类相关作品
  • 丛书相关作品
  • 出版社相关作品

书目信息

  • 表格格式
  • 工作单格式
  • 卡片格式
题名:
徐滔进行时
    
 
作者: 徐滔 著
分册:  
出版信息: 北京   文化艺术出版社  2009.09
页数: 255页
开本: 24cm
丛书名:
单 册:
中图分类: D920.5
科图分类:
主题词: 案例--汇编--中国
电子资源:
ISBN: 978-7-5039-3847-4
 
 
 
 
 
000 00836nam0 2200229 450
001 012010610837
005 20100630102020.84
009 012004384671
010    @a978-7-5039-3847-4@dCNY28.00
100    @a20100515d2009 em y0chiy0110 ea
101 0  @achi
102    @aCN@b110000
105    @aa z 000yy
200 1  @a徐滔进行时@Axu tao jin xing shi@f徐滔著
210    @a北京@c文化艺术出版社@d2009.09
215    @a255页@c图@d24cm
330    @a本书是由北京电视台《法治进行时》栏目创办人徐滔所著。《法治进行时》是北京电视台对现实生活中的法制建设给予更多的关注,给百姓讲述法律,将形形色色的案件展现出来,进行警示教育的一个法制宣传窗口。本书收录了其栏目报道过的、具有较强典型性和指导性的12个案例。
606 0  @a案例@x汇编@y中国
690    @aD920.5@v4
701  0 @a徐滔@Axu tao@4著
801  0 @aCN@c20100515
905    @dD920.5@eX816-2@f3
    
    徐滔进行时/徐滔著.-北京:文化艺术出版社,2009.09
    255页:图;24cm
    
    
    ISBN 978-7-5039-3847-4:CNY28.00
    本书是由北京电视台《法治进行时》栏目创办人徐滔所著。《法治进行时》是北京电视台对现实生活中的法制建设给予更多的关注,给百姓讲述法律,将形形色色的案件展现出来,进行警示教育的一个法制宣传窗口。本书收录了其栏目报道过的、具有较强典型性和指导性的12个案例。
●
相关链接 在E读中查询图书 在当当中查询图书 在豆瓣中查询图书


正题名:徐滔进行时     索取号:D920.5/X816-2         预约/预借

序号 登录号 条形码 馆藏地/架位号 状态 备注
河南城建学院图书馆 欢迎您!
大连网信软件有限公司© 版权所有